000 00266nam a2200109Ia 4500
008 230907s9999||||xx |||||||||||||| ||und||
082 _a363.7,HOU
100 _aHough, Peter,
_9115247
245 0 _aEnvironmental security :
300 _axv, 158 pages ;
942 _cBK
999 _c597935
_d597935